| 000 | 00494nam a2200205Ia 4500 | ||
|---|---|---|---|
| 005 | 20240605111132.0 | ||
| 008 | 131103s9999 xx 000 0 und d | ||
| 040 | _aLoreto College | ||
| 041 | _aEnglish | ||
| 082 |
_a511 _bBUR |
||
| 100 | _aBurns, P. F. | ||
| 245 |
_aDaily life mathematics _cP. F. Burns |
||
| 260 |
_aLondon _bGinn _c1962 |
||
| 300 |
_axiii,274p. _b ill. |
||
| 504 | _aIncludes index | ||
| 650 | _aArithmetic | ||
| 651 | _aMathematics | ||
| 850 | _aLCBED | ||
| 942 | _cBK | ||
| 999 |
_c28409 _d78888 |
||